Normal view
MARC view
- Marieb, Elaine N. & Hoehn, Katja
Entry Personal Name
001 - CONTROL NUMBER
- control field: 98905
003 - CONTROL NUMBER IDENTIFIER
- control field: NUST
005 - DATE AND TIME OF LATEST TRANSACTION
- control field: 20220912122219.0
008 - FIXED-LENGTH DATA ELEMENTS
- fixed length control field: 220912|| aca||aabn | a|a d
040 ## - CATALOGING SOURCE
- Original cataloging agency: NUST
- Transcribing agency: NUST
100 ## - HEADING--PERSONAL NAME
- Personal name: Marieb, Elaine N. & Hoehn, Katja
670 ## - SOURCE DATA FOUND
- Source citation: Work cat.: (NUST): Marieb, Elaine N. & Hoehn, Katja, Human Anatomy & Physiology /, 2019.
